Foreign trade of Japan 1958
Gespeichert in:
| Format: | Buch |
|---|---|
| Sprache: | Undetermined |
| Veröffentlicht: |
Tokyo
Japan Export Trade Promotion Agency
1958
|
| Schlagworte: | |
| Tags: |
Tag hinzufügen
Keine Tags, Fügen Sie den ersten Tag hinzu!
|
| Thư viện lưu trữ: | Trung tâm Học liệu Trường Đại học Cần Thơ |
|---|
| LEADER | 00490nam a2200181Ia 4500 | ||
|---|---|---|---|
| 001 | CTU_105478 | ||
| 008 | 210402s9999 xx 000 0 und d | ||
| 082 | |a 382.0952 | ||
| 082 | |b F715/1958 | ||
| 245 | 0 | |a Foreign trade of Japan 1958 | |
| 260 | |a Tokyo | ||
| 260 | |b Japan Export Trade Promotion Agency | ||
| 260 | |c 1958 | ||
| 650 | |a Japan,Balance of payments | ||
| 650 | |x Commerce | ||
| 650 | |z japan | ||
| 904 | |i Tuyến | ||
| 980 | |a Trung tâm Học liệu Trường Đại học Cần Thơ | ||